| 000 | 00000nas 2200000za 4500 |
| 001 | 9.862977 |
| 003 | CaOODSP |
| 005 | 20221107161150 |
| 007 | cr ||||||||||| |
| 008 | 181010d19791995oncwr p o||||f0 b0fre|d |
| 022 | # |y0225-5715 |
| 040 | |aCaOODSP|bfre |
| 043 | |an-cn--- |
| 086 | 1 |aEn58-22F-PDF |
| 245 | 00|aPerspectives climatiques |h[ressource électronique]. |
| 260 | |aDownsview, Ont. : |bCentre canadien de météorologie. |
| 362 | 0 |av.1-v.5, v.10-v.16 no. 1 (déc. 1993/ janv. 1994) |
| 500 | |aPublié aussi en anglais sous le titre : Climatic perspectives. |
| 500 | |a« Une revue hebdomadaire du climat au Canada. » |
| 525 | |aAccompagné par des suppl. mensuels juin 1983-199--; accompagné par des suppl. trimestriels, mars/mai 1994-1995. |
| 530 | |aÉgalement publié en version imprimée. |
| 550 | |aVariante dans l'adresse bibliogr.: 1979-1993, Centre climatologique canadien. |
| 692 | 07|2gccst|aClimat |
| 692 | 07|2gccst|aPublication en série |
| 710 | 1 |aCanada. |bEnvironnement Canada. |
| 710 | 2 |aCentre canadien de météorologie (Downsview, Ont.) |
| 775 | 08|tClimatic perspectives |w(CaOODSP)9.862967 |